[Event "zonal 1.7b"]
[Site "Mykolaiv UKR"]
[Date "1993.??.??"]
[Round "?"]
[White "Alexandrov, Alexei"]
[Black "Golubev, Mikhail"]
[Result "1-0"]
[WhiteElo "2530"]
[BlackElo "2495"]
[EventDate "1993.03.??"]
[PlyCount "47"]

1.d4 Nf6 2.c4 g6 3.Nc3 Bg7 4.e4 d6 5.Bd3 O-O 6.Nge2 Nc6 7.O-O Nh5 8.Bc2 e5
9.dxe5 Nxe5 10.b3 Qh4 11.Bd2 Ng4 12.h3 Ne5 13.f4 Bxh3 14.Qe1 Qg4 15.Qf2 f5
16.Kh2 Bxg2 17.Qxg2 Qh4+ 18.Qh3 Ng4+ 19.Kg2 Qxh3+ 20.Kxh3 Rae8 21.Rae1 c6 
22.Ng3 fxe4 23.Kxg4 e3 24.Rxe3 1-0

[Event "zonal 1.7b"]
[Site "Mykolaiv UKR"]
[Date "1993.??.??"]
[Round "?"]
[White "Alexandrov, Alexei"]
[Black "Kuzmin, Gennady"]
[Result "1-0"]
[WhiteElo "2530"]
[BlackElo "2525"]
[EventDate "1993.03.??"]
[PlyCount "125"]

1.d4 c5 2.d5 Nf6 3.c4 g6 4.Nc3 Bg7 5.e4 O-O 6.Bd3 d6 7.h3 e6 8.Nf3 exd5 9.
exd5 Nbd7 10.O-O Ne8 11.Bg5 f6 12.Bf4 Ne5 13.Re1 a6 14.a4 Bd7 15.Ra3 Rb8 
16.Bf1 Kh8 17.Ne4 Nf7 18.Qc1 b6 19.Bd2 Rb7 20.b4 a5 21.bxa5 bxa5 22.Nc3 
Rb4 23.Nb5 f5 24.Bc3 Kg8 25.Nd2 g5 26.Bxb4 axb4 27.Rae3 g4 28.hxg4 fxg4 
29.Ne4 Bf5 30.Ng3 Bg6 31.Bd3 Bxd3 32.Rxd3 Ne5 33.Rb3 Qa5 34.Ne4 Qxa4 35.
Rg3 Qa2 36.Qb1 Qxc4 37.Nexd6 Qf4 38.Ne4 Qf5 39.d6 c4 40.Qxb4 Qf7 41.Qd2 
Nd3 42.Rf1 Qd5 43.Nbc3 Qe6 44.Qg5 Ne5 45.Rd1 h6 46.Qd2 Nf6 47.Nxf6+ Qxf6 
48.Qd5+ Kh8 49.Ne4 Qg6 50.d7 Nxd7 51.Qxd7 Qxe4 52.Rxg4 Qe5 53.Rxc4 Qe2 54.
Qg4 Qxf2+ 55.Kh1 Kh7 56.Qd7 Kg8 57.Qe6+ Kh8 58.Qe7 Qb2 59.Rdc1 Kg8 60.Rc7 
Qe5 61.Rd7 Qf6 62.Qxf6 Rxf6 63.Kh2 1-0

[Event "zonal 1.7b"]
[Site "Mykolaiv UKR"]
[Date "1993.??.??"]
[Round "?"]
[White "Alexandrov, Alexei"]
[Black "Savon, Vladimir"]
[Result "1-0"]
[WhiteElo "2530"]
[BlackElo "2415"]
[EventDate "1993.03.??"]
[PlyCount "91"]

1.d4 Nf6 2.c4 e6 3.Nc3 Bb4 4.e3 O-O 5.Bd3 c5 6.a3 Bxc3+ 7.bxc3 Nc6 8.Ne2 
e5 9.O-O Re8 10.f3 d6 11.e4 cxd4 12.cxd4 Nxd4 13.Nxd4 Qb6 14.Be3 exd4 15.
Rb1 Qc7 16.Bxd4 Nd7 17.f4 Nc5 18.Bc2 Be6 19.e5 Bxc4 20.Rf3 dxe5 21.Bxe5 
Rxe5 22.fxe5 Qxe5 23.Qd2 Re8 24.Qf2 Ne4 25.Bxe4 Qxe4 26.Rc1 Bd5 27.Re3 Qa4
28.Qh4 Qb5 29.Qb4 Qd7 30.Rc7 Qd8 31.Qd6 Bc6 32.Qxd8 Rxd8 33.Ree7 Rf8 34.
Kf2 g6 35.g4 h6 36.h4 Kg7 37.g5 hxg5 38.hxg5 a5 39.Ke3 a4 40.Kd4 Rd8+ 41.
Ke3 Bd5 42.Kf4 Kf8 43.Re5 Be6 44.Rxb7 Rd1 45.Rc7 Kg7 46.Rxe6 1-0

[Event "zonal 1.7b"]
[Site "Mykolaiv UKR"]
[Date "1993.??.??"]
[Round "?"]
[White "Borovikov, Vladislav"]
[Black "Fedorov, Alexei"]
[Result "1-0"]
[WhiteElo "2385"]
[BlackElo "2490"]
[EventDate "1993.03.??"]
[PlyCount "69"]

1.d4 Nf6 2.Nf3 c5 3.d5 g6 4.Nc3 Bg7 5.e4 O-O 6.Be2 d6 7.O-O Na6 8.Bf4 Nc7 
9.a4 b6 10.h3 Bb7 11.Re1 Qd7 12.Bc4 Rad8 13.Qe2 a6 14.Bh2 Qc8 15.Rad1 Rfe8
16.Qe3 Qa8 17.Rd2 h6 18.Red1 e6 19.dxe6 Nxe6 20.Rxd6 Rxd6 21.Rxd6 Nxe4 22.
Nxe4 Bxe4 23.c3 Ng5 24.Nxg5 hxg5 25.Qxg5 b5 26.axb5 axb5 27.Bf1 c4 28.Rd1 
Qa4 29.Rd8 b4 30.Qe7 Bc6 31.Rxe8+ Bxe8 32.Qxb4 Qa1 33.Qxc4 Bd7 34.Qe2 Bf5 
35.Bf4 1-0

[Event "zonal 1.7b"]
[Site "Mykolaiv UKR"]
[Date "1993.??.??"]
[Round "?"]
[White "Borovikov, Vladislav"]
[Black "Maximenko, Andryi"]
[Result "1-0"]
[WhiteElo "2385"]
[BlackElo "2435"]
[EventDate "1993.03.??"]
[PlyCount "59"]

1.d4 f5 2.Nf3 Nf6 3.g3 g6 4.Bg2 Bg7 5.O-O O-O 6.b3 d6 7.Bb2 Qe8 8.Nbd2 Na6
9.c4 e5 10.dxe5 Ng4 11.Ba3 Nxe5 12.Nxe5 Qxe5 13.Rb1 Nc5 14.b4 Nd7 15.c5 
dxc5 16.bxc5 c6 17.Nc4 Qe7 18.Qa4 Qxe2 19.Qb3 Qe6 20.Rfe1 Qf7 21.Qc2 Nf6 
22.Nd6 Qc7 23.Re2 Kh8 24.Rbe1 f4 25.Re7 Qa5 26.Bb2 fxg3 27.hxg3 Bf5 28.Qc4
h5 29.Nf7+ Kg8 30.Bxf6 1-0

[Event "zonal 1.7b"]
[Site "Mykolaiv UKR"]
[Date "1993.??.??"]
[Round "?"]
[White "Brodsky, Mikhail"]
[Black "Ginsburg, Gennadi"]
[Result "1/2-1/2"]
[WhiteElo "2520"]
[BlackElo "2395"]
[EventDate "1993.03.??"]
[PlyCount "124"]

1.e4 c5 2.Nf3 d6 3.d4 cxd4 4.Nxd4 Nf6 5.Nc3 a6 6.Bg5 e6 7.f4 Be7 8.Qf3 Qc7
9.O-O-O Nbd7 10.g4 b5 11.Bxf6 Nxf6 12.g5 Nd7 13.f5 Nc5 14.f6 gxf6 15.gxf6 
Bf8 16.Rg1 Bd7 17.a3 Qb6 18.Qh5 O-O-O 19.Rg3 Be8 20.Bh3 Kb8 21.b4 Na4 22.
Nxa4 bxa4 23.Ne2 Qb5 24.Rg5 Bh6 25.Qxh6 Qxe2 26.Bf1 Qxe4 27.Bxa6 Bc6 28.
Kb1 Rd7 29.Rg3 Rhd8 30.Qd2 Rc7 31.Qf2 Bb7 32.Bd3 Qe5 33.Re1 Qh5 34.Rg7 
Rdc8 35.h4 h6 36.Qd4 Qd5 37.Qxd5 Bxd5 38.Rh7 e5 39.Bf5 Rg8 40.Rg7 Rd8 41.
Kb2 Re8 42.Reg1 Be6 43.Rg8 Rcc8 44.Rxe8 Rxe8 45.Bd3 Kc7 46.c4 Rc8 47.Kc3 
Kd7 48.Re1 Rg8 49.Re3 Rg4 50.c5 Rxh4 51.Bb5+ Kc7 52.cxd6+ Kxd6 53.Bxa4 
Rc4+ 54.Kd2 Rf4 55.Rd3+ Kc7 56.Re3 Kd6 57.Rd3+ Bd5 58.Bd1 Rf2+ 59.Ke1 Rf4 
60.Bb3 Rd4 61.Rh3 Bxb3 62.Rxb3 Kc6 1/2-1/2

[Event "zonal 1.7b"]
[Site "Mykolaiv UKR"]
[Date "1993.??.??"]
[Round "?"]
[White "Brodsky, Mikhail"]
[Black "Guliev, Sarhan"]
[Result "1-0"]
[WhiteElo "2520"]
[BlackElo "2485"]
[EventDate "1993.03.??"]
[PlyCount "83"]

1.d4 d5 2.c4 c6 3.Nc3 Nf6 4.Nf3 g6 5.Qb3 Bg7 6.Bf4 O-O 7.e3 Qa5 8.Rc1 Nbd7
9.a3 dxc4 10.Bxc4 Nb6 11.Bxf7+ Rxf7 12.Ne5 e6 13.Nxf7 Kxf7 14.O-O Nbd5 15.
Be5 Nxc3 16.bxc3 Ne4 17.Bxg7 Kxg7 18.Qc2 Nf6 19.Qb2 b6 20.c4 Ba6 21.Rfd1 
Rf8 22.f3 Qg5 23.e4 Kg8 24.Kh1 Nh5 25.d5 cxd5 26.exd5 exd5 27.Rxd5 Qh6 28.
Re5 Rd8 29.Qc3 Qf4 30.Re7 Qxc4 31.Qe1 Qd5 32.Rxa7 Bc4 33.h4 Qc5 34.Re7 b5 
35.Re8+ Rxe8 36.Qxe8+ Kg7 37.Qd7+ Kh6 38.g4 g5 39.Qe6+ Bxe6 40.Rxc5 Ng3+ 
41.Kg2 gxh4 42.Rc6 1-0

[Event "zonal 1.7b"]
[Site "Mykolaiv UKR"]
[Date "1993.??.??"]
[Round "?"]
[White "Brodsky, Mikhail"]
[Black "Maximenko, Andryi"]
[Result "1/2-1/2"]
[WhiteElo "2520"]
[BlackElo "2435"]
[EventDate "1993.03.??"]
[PlyCount "78"]

1.e4 e5 2.Nf3 Nc6 3.Bb5 a6 4.Ba4 Nf6 5.O-O Be7 6.Re1 b5 7.Bb3 d6 8.c3 O-O 
9.h3 Na5 10.Bc2 c5 11.d4 Bb7 12.d5 Nc4 13.b3 Nb6 14.Nbd2 g6 15.Nf1 Nh5 16.
Bh6 Ng7 17.Ng3 Bc8 18.Qd2 Bd7 19.Nh2 Bh4 20.Nhf1 Qe7 21.f4 exf4 22.Bxf4 f6
23.Re2 Rae8 24.Qd3 Bc8 25.Nd2 Nd7 26.Nf3 Ne5 27.Qe3 Bxg3 28.Bxg3 Nf5 29.
exf5 Nxf3+ 30.Kf2 Qxe3+ 31.Rxe3 Ne5 32.fxg6 hxg6 33.Bf4 g5 34.Bh2 f5 35.
Bxe5 Rxe5 36.Rxe5 dxe5 37.Ke3 Kf7 38.Rd1 Bd7 39.d6 Ke6 1/2-1/2

[Event "zonal 1.7b"]
[Site "Mykolaiv UKR"]
[Date "1993.??.??"]
[Round "?"]
[White "Brodsky, Mikhail"]
[Black "Rakhmangulov, Andrei"]
[Result "1-0"]
[WhiteElo "2520"]
[BlackElo "2325"]
[EventDate "1993.03.??"]
[PlyCount "75"]

1.Nf3 Nf6 2.c4 c6 3.b3 d5 4.Bb2 Bg4 5.Ne5 Bf5 6.e3 e6 7.Be2 Be7 8.O-O h6 
9.d3 O-O 10.Nd2 Nbd7 11.Nxd7 Nxd7 12.e4 dxe4 13.dxe4 Bh7 14.Qc2 Bf6 15.
Rad1 Bxb2 16.Qxb2 e5 17.c5 Qe7 18.b4 a5 19.a3 axb4 20.axb4 b6 21.cxb6 Nxb6
22.f3 Ra4 23.Rb1 Rfa8 24.Qc3 Ra2 25.Ra1 Bg6 26.Rxa2 Rxa2 27.Rd1 Na4 28.Qb3
Qa7+ 29.Kf1 Nb6 30.Qe3 Kh7 31.Qc5 f5 32.Qxc6 Rb2 33.exf5 Bxf5 34.Qd6 Nd7 
35.b5 Qe3 36.g4 Bc2 37.Nc4 Bxd1 38.Bd3+ 1-0

[Event "zonal 1.7b"]
[Site "Mykolaiv UKR"]
[Date "1993.??.??"]
[Round "?"]
[White "Brodsky, Mikhail"]
[Black "Rogozenco, Dorian"]
[Result "1/2-1/2"]
[WhiteElo "2520"]
[BlackElo "2480"]
[EventDate "1993.03.??"]
[PlyCount "43"]

1.e4 c5 2.Nf3 e6 3.d4 cxd4 4.Nxd4 Nf6 5.Nc3 Nc6 6.Ndb5 d6 7.Bf4 e5 8.Bg5 
a6 9.Na3 b5 10.Nd5 Be7 11.Bxf6 Bxf6 12.c3 Bb7 13.Nc2 Nb8 14.c4 O-O 15.cxb5
axb5 16.Be2 Nd7 17.O-O Nc5 18.Bf3 Bg5 19.Ncb4 g6 20.Nc3 Kh8 21.Qe2 Qa5 22.
Qxb5 1/2-1/2

[Event "zonal 1.7b"]
[Site "Mykolaiv UKR"]
[Date "1993.??.??"]
[Round "?"]
[White "Fedorov, Alexei"]
[Black "Alexandrov, Alexei"]
[Result "1/2-1/2"]
[WhiteElo "2490"]
[BlackElo "2530"]
[EventDate "1993.03.??"]
[PlyCount "60"]

1.e4 e5 2.Nf3 Nc6 3.Bc4 Bc5 4.c3 Nf6 5.d3 a6 6.O-O d6 7.Bb3 Ba7 8.Nbd2 O-O
9.Nc4 Be6 10.a4 Ne7 11.a5 Ng6 12.h3 h6 13.Be3 Bxe3 14.Nxe3 d5 15.exd5 Nxd5
16.d4 exd4 17.Nxd4 Nxe3 18.Nxe6 Nxd1 19.Nxd8 Nxb2 20.Nxb7 Rab8 21.Bd5 Nf4 
22.Bf3 Nbd3 23.Rfb1 Rfe8 24.Kf1 Ne5 25.Nc5 Nxf3 26.gxf3 Rxb1+ 27.Rxb1 Re5 
28.Rb8+ Kh7 29.Nd7 Rf5 30.Nf8+ Kg8 1/2-1/2

[Event "zonal 1.7b"]
[Site "Mykolaiv UKR"]
[Date "1993.??.??"]
[Round "?"]
[White "Fedorov, Alexei"]
[Black "Gadjily, Raouf"]
[Result "1-0"]
[WhiteElo "2490"]
[BlackElo "2365"]
[EventDate "1993.03.??"]
[PlyCount "87"]

1.e4 c5 2.Nf3 d6 3.d4 cxd4 4.Nxd4 Nf6 5.Nc3 e6 6.Be3 Nc6 7.f3 a6 8.g4 Qc7 
9.Qd2 b5 10.O-O-O Bb7 11.Kb1 Nxd4 12.Bxd4 h6 13.h4 e5 14.Be3 d5 15.Nxd5 
Nxd5 16.exd5 Rd8 17.Qf2 Rxd5 18.Be2 Be7 19.Rxd5 Bxd5 20.Rd1 Bb7 21.g5 hxg5
22.hxg5 g6 23.Bb6 Qc6 24.Qe3 Rh5 25.a3 Rxg5 26.Ba5 Kf8 27.Bb4 Qf6 28.Bc3 
Qe6 29.f4 exf4 30.Qxf4 f6 31.Bd3 Bc6 32.Rf1 f5 33.Qd4 Rh5 34.Re1 Be4 35.
Bxe4 fxe4 36.b3 Rh4 37.Rf1+ Ke8 38.Qa7 e3 39.Qb8+ Bd8 40.Rf8+ Kxf8 41.
Qxd8+ Kf7 42.Qxh4 e2 43.Qf2+ Kg8 44.Kc1 1-0

[Event "zonal 1.7b"]
[Site "Mykolaiv UKR"]
[Date "1993.??.??"]
[Round "?"]
[White "Fedorov, Alexei"]
[Black "Kuzmin, Gennady"]
[Result "0-1"]
[WhiteElo "2490"]
[BlackElo "2525"]
[EventDate "1993.03.??"]
[PlyCount "56"]

1.e4 c5 2.Nf3 e6 3.d3 Nc6 4.g3 b6 5.Bg2 Bb7 6.O-O d5 7.Nbd2 Nf6 8.Re1 Be7 
9.c3 Qc7 10.a3 dxe4 11.dxe4 Rd8 12.e5 Nd7 13.Qe2 O-O 14.h4 Qb8 15.h5 Qa8 
16.Bh3 Na5 17.Nh2 c4 18.Qg4 Kh8 19.Nxc4 f5 20.Qf4 Nb3 21.Rb1 Ndc5 22.Bf1 
Be4 23.Rxe4 fxe4 24.Qg4 Nxc1 25.Rxc1 Qd5 26.h6 gxh6 27.Qh5 Rf5 28.Qxh6 Bg5
0-1

[Event "zonal 1.7b"]
[Site "Mykolaiv UKR"]
[Date "1993.??.??"]
[Round "?"]
[White "Frolov, Artur"]
[Black "Alexandrov, Alexei"]
[Result "1-0"]
[WhiteElo "2530"]
[BlackElo "2530"]
[EventDate "1993.03.??"]
[PlyCount "105"]

1.e4 e5 2.Nf3 Nc6 3.Bb5 Nf6 4.O-O Nxe4 5.d4 Nd6 6.Bxc6 dxc6 7.dxe5 Nf5 8.
Qxd8+ Kxd8 9.Nc3 Be6 10.Ng5 Bc4 11.Rd1+ Kc8 12.b3 Bb4 13.Bb2 Bxc3 14.Bxc3 
Bd5 15.f3 b6 16.Rd3 a5 17.a4 h6 18.Nh3 g5 19.Nf2 Be6 20.Rad1 c5 21.Bb2 c4 
22.bxc4 Bxc4 23.Rc3 Be6 24.Ba3 Kb7 25.Ne4 Rad8 26.Rb1 Kb8 27.Kf2 Rhe8 28.
g4 Nh4 29.Bd6 cxd6 30.Rxb6+ Ka7 31.Rcc6 Re7 32.exd6 Rb7 33.Ra6+ Kb8 34.Nc5
Rb2 35.Nd3 Rb1 36.Rxa5 Bc8 37.Nc5 Ng6 38.Nb3 Rd7 39.Rb6+ Rb7 40.Rba6 R7xb3
41.Ra8+ Kb7 42.cxb3 Rb2+ 43.Ke1 Be6 44.R8a7+ Kc6 45.R5a6+ Kc5 46.d7 Bxd7 
47.Rxd7 Rxb3 48.Ra8 Rxf3 49.Rc8+ Kb6 50.Rd5 Re3+ 51.Kd2 Rh3 52.Rb5+ Ka6 
53.Ra8# 1-0

[Event "zonal 1.7b"]
[Site "Mykolaiv UKR"]
[Date "1993.??.??"]
[Round "?"]
[White "Frolov, Artur"]
[Black "Borovikov, Vladislav"]
[Result "1/2-1/2"]
[WhiteElo "2530"]
[BlackElo "2385"]
[EventDate "1993.03.??"]
[PlyCount "86"]

1.e4 e6 2.d4 d5 3.Nd2 Nf6 4.e5 Nfd7 5.Bd3 c5 6.c3 Nc6 7.Ne2 f6 8.exf6 Nxf6
9.O-O cxd4 10.cxd4 Bd6 11.Nf3 Qc7 12.Bg5 O-O 13.Ng3 Bd7 14.Rc1 Qb6 15.Bxf6
gxf6 16.Qd2 Rf7 17.Nh5 Qd8 18.Qh6 Be7 19.Rfe1 Qf8 20.Qe3 Bd6 21.h3 Re7 22.
Nh2 Be8 23.Nf4 Bf7 24.Ng4 Qg7 25.Bb5 Qg5 26.Nd3 Qxe3 27.fxe3 Nb4 28.Nxf6+ 
Kg7 29.Ng4 Nxa2 30.Ra1 Nb4 31.Rec1 Be8 32.Nxb4 Bxb5 33.Na2 Bc4 34.Nc3 Rc7 
35.Ne5 Ba6 36.Rd1 Rac8 37.e4 dxe4 38.Nxe4 Bb4 39.Nd3 Bxd3 40.Rxd3 Rc1+ 41.
Rxc1 Rxc1+ 42.Kh2 Be7 43.d5 exd5 1/2-1/2

[Event "zonal 1.7b"]
[Site "Mykolaiv UKR"]
[Date "1993.??.??"]
[Round "?"]
[White "Frolov, Artur"]
[Black "Kruppa, Yury"]
[Result "1-0"]
[WhiteElo "2530"]
[BlackElo "2475"]
[EventDate "1993.03.??"]
[PlyCount "101"]

1.e4 e5 2.Nf3 Nc6 3.Bb5 a6 4.Ba4 Nf6 5.O-O Be7 6.Bxc6 dxc6 7.d3 Qd6 8.b3 
Bg4 9.h3 Bh5 10.Bb2 Nd7 11.Nbd2 b5 12.a4 O-O 13.Ra2 f6 14.Qa1 Nb6 15.Nh4 
Qd7 16.Nf5 Bc5 17.Ba3 b4 18.Bb2 a5 19.Qe1 Rfe8 20.Ra1 Rad8 21.Kh1 Bg6 22.
Nh4 Bf7 23.Qe2 Nc8 24.f4 exf4 25.Rxf4 g5 26.Rg4 Bd4 27.Bxd4 Qxd4 28.Rf1 
Bh5 29.Nf5 Bxg4 30.Qxg4 Qd7 31.Nc4 Nd6 32.Nxa5 c5 33.Qh5 Rf8 34.Ne3 Qf7 
35.Qf3 Kg7 36.Nac4 Nxc4 37.Nxc4 f5 38.exf5 Rd4 39.Qg3 h6 40.Nd2 Qd7 41.
Qe5+ Kf7 42.Ne4 Qe7 43.Qg3 Ke8 44.f6 Rxe4 45.dxe4 Rxf6 46.Rxf6 Qxf6 47.
Qxc7 Qf2 48.a5 g4 49.Qc8+ Ke7 50.Qxg4 Qxc2 51.a6 1-0

[Event "zonal 1.7b"]
[Site "Mykolaiv UKR"]
[Date "1993.??.??"]
[Round "?"]
[White "Frolov, Artur"]
[Black "Savon, Vladimir"]
[Result "1/2-1/2"]
[WhiteElo "2530"]
[BlackElo "2415"]
[EventDate "1993.03.??"]
[PlyCount "63"]

1.e4 c5 2.Nf3 d6 3.d4 cxd4 4.Nxd4 Nf6 5.Nc3 a6 6.Be3 Nc6 7.f3 d5 8.exd5 
Nxd5 9.Nxd5 Qxd5 10.Nxc6 Qxc6 11.Bd3 e5 12.Be4 Qc7 13.Qd5 Bb4+ 14.c3 Be7 
15.O-O-O Rb8 16.Ba7 Ra8 17.Bf2 O-O 18.Bg3 Bf6 19.Kb1 Be6 20.Qd6 Qa5 21.a3 
Bb3 22.Rde1 Rad8 23.Qb4 Qxb4 24.axb4 Rd7 25.Bc2 Bxc2+ 26.Kxc2 Rfd8 27.Rd1 
Rxd1 28.Rxd1 Rxd1 29.Kxd1 Kf8 30.Ke2 Ke7 31.Kd3 b5 32.b3 1/2-1/2

[Event "zonal 1.7b"]
[Site "Mykolaiv UKR"]
[Date "1993.??.??"]
[Round "?"]
[White "Frolov, Artur"]
[Black "Shmuter, Leonid"]
[Result "1-0"]
[WhiteElo "2530"]
[BlackElo "2440"]
[EventDate "1993.03.??"]
[PlyCount "55"]

1.e4 c5 2.Nf3 d6 3.d4 cxd4 4.Nxd4 Nf6 5.Nc3 Nc6 6.Bc4 Qb6 7.Nb3 e6 8.O-O 
Be7 9.Be3 Qc7 10.Bd3 a6 11.f4 b5 12.Qf3 Bb7 13.Qh3 Nb4 14.a3 Nxd3 15.cxd3 
e5 16.Rac1 Qd8 17.Nd2 O-O 18.d4 exd4 19.Bxd4 Re8 20.Rce1 Qd7 21.f5 a5 22.
Re3 b4 23.Ne2 Rac8 24.Rg3 Kf8 25.Nf4 bxa3 26.Ne6+ fxe6 27.fxe6 Qa4 28.Qxh7
1-0

[Event "zonal 1.7b"]
[Site "Mykolaiv UKR"]
[Date "1993.??.??"]
[Round "?"]
[White "Gadjily, Raouf"]
[Black "Ginsburg, Gennadi"]
[Result "1-0"]
[WhiteElo "2365"]
[BlackElo "2395"]
[EventDate "1993.03.??"]
[PlyCount "91"]

1.e4 e5 2.Nf3 Nc6 3.Bc4 Bc5 4.c3 Nf6 5.d4 exd4 6.e5 d5 7.Bb5 Ne4 8.cxd4 
Be7 9.O-O O-O 10.Nc3 Bg4 11.Be2 Kh8 12.h3 Bh5 13.Ne1 Bg6 14.Be3 f6 15.exf6
Bxf6 16.Nf3 Qd6 17.Rc1 a6 18.Re1 Nd8 19.Ne5 Bf5 20.Bf4 Bxe5 21.Bxe5 Qg6 
22.Bh5 Qg5 23.Nxe4 Bxe4 24.Qg4 Qxg4 25.Bxg4 c6 26.Bg3 Nf7 27.f3 Bg6 28.Re7
h5 29.Be6 Ng5 30.Bd7 Rf7 31.Rce1 Rd8 32.Rxf7 Nxf7 33.Re7 Rf8 34.Be6 Ng5 
35.Bd7 Kh7 36.h4 Rf7 37.Rxf7 Nxf7 38.Bc8 b6 39.Bc7 b5 40.Bd7 Bb1 41.a3 Nh6
42.Bxc6 Nf5 43.Bxd5 Nxd4 44.Bb7 b4 45.Bxa6 b3 46.Be5 1-0

[Event "zonal 1.7b"]
[Site "Mykolaiv UKR"]
[Date "1993.??.??"]
[Round "?"]
[White "Gadjily, Raouf"]
[Black "Rakhmangulov, Andrei"]
[Result "0-1"]
[WhiteElo "2365"]
[BlackElo "2325"]
[EventDate "1993.03.??"]
[PlyCount "46"]

1.e4 g6 2.d4 Bg7 3.g3 d6 4.Bg2 Nf6 5.Ne2 O-O 6.O-O e5 7.h3 c6 8.c4 b5 9.
cxb5 cxb5 10.dxe5 dxe5 11.Qb3 Be6 12.Qxb5 Qc8 13.Nbc3 Bxh3 14.Qxe5 Bxg2 
15.Kxg2 Re8 16.Qf4 Qb7 17.f3 Nc6 18.Qh4 h5 19.Rf2 Ne5 20.Nf4 Rad8 21.Re2 
Rd4 22.Nh3 Rd3 23.Be3 Rxe3 0-1

[Event "zonal 1.7b"]
[Site "Mykolaiv UKR"]
[Date "1993.??.??"]
[Round "?"]
[White "Gadjily, Raouf"]
[Black "Verdikhanov, Vladislav"]
[Result "1/2-1/2"]
[WhiteElo "2365"]
[BlackElo "2270"]
[EventDate "1993.03.??"]
[PlyCount "20"]

1.c4 c5 2.Nc3 Nc6 3.g3 g6 4.Bg2 Bg7 5.e3 e6 6.Nge2 Nge7 7.O-O O-O 8.d4 
cxd4 9.exd4 d5 10.cxd5 exd5 1/2-1/2

[Event "zonal 1.7b"]
[Site "Mykolaiv UKR"]
[Date "1993.??.??"]
[Round "?"]
[White "Ginsburg, Gennadi"]
[Black "Ryskin, Alexander"]
[Result "0-1"]
[WhiteElo "2395"]
[BlackElo "2505"]
[EventDate "1993.03.??"]
[PlyCount "48"]

1.e4 c5 2.Nf3 d6 3.d4 cxd4 4.Nxd4 Nf6 5.Nc3 Nc6 6.Bc4 e6 7.Be3 Be7 8.Qe2 
O-O 9.O-O-O a6 10.Bb3 Nd7 11.g4 Nc5 12.Rhg1 Bd7 13.g5 b5 14.Qh5 b4 15.Nce2
Nxd4 16.Rxd4 Nxb3+ 17.axb3 e5 18.Rd3 a5 19.f4 a4 20.f5 axb3 21.f6 Qc7 22.
Rxb3 Rfc8 23.c3 Qc4 24.g6 hxg6 0-1

[Event "zonal 1.7b"]
[Site "Mykolaiv UKR"]
[Date "1993.??.??"]
[Round "?"]
[White "Ginsburg, Gennadi"]
[Black "Shmuter, Leonid"]
[Result "0-1"]
[WhiteElo "2395"]
[BlackElo "2440"]
[EventDate "1993.03.??"]
[PlyCount "128"]

1.e4 c5 2.Nf3 d6 3.d4 cxd4 4.Nxd4 Nf6 5.Nc3 Nc6 6.Bc4 Qb6 7.Ndb5 a6 8.Be3 
Qa5 9.Nd4 Ng4 10.Nxc6 bxc6 11.O-O Nxe3 12.fxe3 e6 13.Qf3 Ra7 14.Rad1 Qe5 
15.Na4 Rc7 16.Nb6 Bb7 17.Bb3 d5 18.exd5 cxd5 19.Nc4 Qg5 20.Ba4+ Kd8 21.Na5
Ba8 22.c4 Bd6 23.Rd4 Be5 24.Rd3 Qg6 25.Rfd1 Ke7 26.cxd5 exd5 27.Bb3 Qe4 
28.Bxd5 Bxd5 29.Rxd5 Qxf3 30.gxf3 Bxb2 31.Rd6 Rhc8 32.Rxa6 Bc1 33.Rd3 Rc3 
34.Ra7+ Ke8 35.Rxc3 Rxc3 36.Ra8+ Kd7 37.Ra7+ Ke6 38.Ra6+ Kf5 39.Nb3 Bxe3+ 
40.Kg2 Rc2+ 41.Kh3 Kf4 42.Ra4+ Kxf3 43.Nd4+ Bxd4 44.Rxd4 Rxa2 45.Rd3+ Ke4 
46.Rd7 Rf2 47.Re7+ Kd5 48.Kg3 Kd6 49.Ra7 Rf5 50.Kg4 g6 51.h3 Ke6 52.Rb7 
Kf6 53.Ra7 Rb5 54.Ra6+ Kg7 55.Ra7 Rb4+ 56.Kg3 g5 57.Ra6 f6 58.Rc6 Rb3+ 59.
Kg2 h5 60.Ra6 Kg6 61.Ra4 Rb2+ 62.Kf3 h4 63.Ra3 Rh2 64.Ke4 Rg2 0-1

[Event "zonal 1.7b"]
[Site "Mykolaiv UKR"]
[Date "1993.??.??"]
[Round "?"]
[White "Ginsburg, Gennadi"]
[Black "Timoshenko, Georgy"]
[Result "1/2-1/2"]
[WhiteElo "2395"]
[BlackElo "2515"]
[EventDate "1993.03.??"]
[PlyCount "63"]

1.e4 e5 2.Nf3 Nc6 3.Nc3 Nf6 4.Bb5 Bb4 5.O-O O-O 6.d3 d6 7.Bg5 Bxc3 8.bxc3 
h6 9.Bh4 Qe7 10.Re1 Nb8 11.d4 c6 12.Bd3 Bg4 13.h3 Bxf3 14.Qxf3 Nbd7 15.Qe2
Rfe8 16.Bg3 c5 17.Rab1 Nf8 18.Bb5 Rec8 19.Rbd1 Ng6 20.dxe5 dxe5 21.Bc4 
Rab8 22.a4 Qc7 23.Qf3 Qa5 24.Qf5 Qxc3 25.Qxg6 Qxc4 26.Qf5 Rc6 27.Bxe5 Re8 
28.Ba1 Qxc2 29.Rc1 Qd3 30.Rcd1 Qc2 31.Rc1 Qd3 32.Rcd1 1/2-1/2

[Event "zonal 1.7b"]
[Site "Mykolaiv UKR"]
[Date "1993.??.??"]
[Round "?"]
[White "Ginsburg, Gennadi"]
[Black "Verdikhanov, Vladislav"]
[Result "1-0"]
[WhiteElo "2395"]
[BlackElo "2270"]
[EventDate "1993.03.??"]
[PlyCount "73"]

1.e4 c5 2.Nf3 Nc6 3.d4 cxd4 4.Nxd4 Nf6 5.Nc3 e5 6.Ndb5 d6 7.Bg5 a6 8.Na3 
b5 9.Bxf6 gxf6 10.Nd5 Bg7 11.c3 f5 12.g3 fxe4 13.Bg2 Be6 14.Bxe4 Rc8 15.
Qd3 h6 16.Nc2 O-O 17.Nce3 Ne7 18.O-O Nxd5 19.Bxd5 Qd7 20.Rad1 Rcd8 21.Rd2 
Kh8 22.Rfd1 Bh3 23.Bg2 Be6 24.Qxd6 Qxd6 25.Rxd6 Rxd6 26.Rxd6 a5 27.Bd5 
Bxd5 28.Rxd5 b4 29.Rxa5 bxc3 30.bxc3 f5 31.Nc4 Re8 32.Nd6 Rf8 33.Rd5 Kh7 
34.c4 Rf6 35.c5 Bf8 36.a4 Kg6 37.a5 1-0

[Event "zonal 1.7b"]
[Site "Mykolaiv UKR"]
[Date "1993.??.??"]
[Round "?"]
[White "Golubev, Mikhail"]
[Black "Frolov, Artur"]
[Result "0-1"]
[WhiteElo "2495"]
[BlackElo "2530"]
[EventDate "1993.03.??"]
[PlyCount "90"]

1.e4 e5 2.Nc3 Nf6 3.Nf3 Nc6 4.d4 exd4 5.Nxd4 Bb4 6.Nxc6 bxc6 7.Bd3 d5 8.
exd5 Qe7+ 9.Qe2 Nxd5 10.Qxe7+ Kxe7 11.a3 Ba5 12.b4 Bb6 13.Ne2 Nf6 14.a4 a5
15.Ba3 axb4 16.Bxb4+ c5 17.Bc3 Be6 18.Bb5 Nd5 19.O-O Nxc3 20.Nxc3 Rhd8 21.
Bc6 Ra5 22.Rfd1 Rd4 23.Nb5 Rb4 24.Nc3 Rd4 25.Nb5 Rc4 26.c3 h5 27.h3 h4 28.
Re1 Kf6 29.Red1 g5 30.Ra3 g4 31.hxg4 Rxg4 32.Kh1 Rf4 33.f3 Kg5 34.Re1 Rf6 
35.Re5+ Kh6 36.Bd5 Bd7 37.c4 c6 38.Re7 Bf5 39.Nc3 cxd5 40.Nxd5 Rg6 41.Rb3 
Bd8 42.Rxf7 Be6 43.Rf8 Bxd5 44.cxd5 Bc7 45.Rb7 Bd6 0-1

[Event "zonal 1.7b"]
[Site "Mykolaiv UKR"]
[Date "1993.??.??"]
[Round "?"]
[White "Golubev, Mikhail"]
[Black "Maximenko, Andryi"]
[Result "1/2-1/2"]
[WhiteElo "2495"]
[BlackElo "2435"]
[EventDate "1993.03.??"]
[PlyCount "75"]

1.e4 c5 2.Nf3 e6 3.d4 cxd4 4.Nxd4 Nf6 5.Nc3 Nc6 6.Ndb5 d6 7.Bf4 e5 8.Bg5 
a6 9.Na3 b5 10.Bxf6 gxf6 11.Nd5 Bg7 12.c3 f5 13.exf5 Bxf5 14.Nc2 Be6 15.
Nce3 Ne7 16.g3 Nxd5 17.Nxd5 O-O 18.Bg2 Rb8 19.a3 Qd7 20.O-O f5 21.Qd2 a5 
22.f4 e4 23.Rad1 Qf7 24.Ne3 Bb3 25.Rde1 d5 26.Bh3 Qh5 27.Kg2 h6 28.Nc2 
Bxc2 29.Qxc2 b4 30.axb4 axb4 31.Ra1 bxc3 32.bxc3 Qg6 33.Qe2 Qc6 34.Qh5 Qf6
35.Ra5 Rbd8 36.Rd1 Qe6 37.g4 Qb6 38.Ra2 1/2-1/2

[Event "zonal 1.7b"]
[Site "Mykolaiv UKR"]
[Date "1993.??.??"]
[Round "?"]
[White "Guliev, Sarhan"]
[Black "Moskalenko, Viktor"]
[Result "1-0"]
[WhiteElo "2485"]
[BlackElo "2555"]
[EventDate "1993.03.??"]
[PlyCount "74"]

1.d4 e6 2.Nf3 f5 3.g3 Nf6 4.Bg2 d5 5.O-O Bd6 6.c4 c6 7.b3 Qe7 8.Bb2 O-O 9.
Qc1 b5 10.Ba3 b4 11.Bb2 a5 12.a3 Na6 13.axb4 Nxb4 14.Nc3 Ne4 15.Na4 Bb7 
16.Ne5 c5 17.dxc5 Nxc5 18.Nxc5 Bxc5 19.cxd5 Rfc8 20.Qd2 Nxd5 21.Nd3 Nb4 
22.Bxb7 Qxb7 23.Nxc5 Rxc5 24.Bxg7 Rc2 25.Qd4 Rxe2 26.Bh6 Nc6 27.Qf6 Qf7 
28.Qc3 Qb7 29.Rfe1 Rxe1+ 30.Rxe1 Re8 31.Rd1 Nb4 32.Qe5 Qf7 33.Be3 Qg7 34.
Qxa5 Nd5 35.Bc5 Qg6 36.Re1 f4 37.Qa7 Rc8 1-0

[Event "zonal 1.7b"]
[Site "Mykolaiv UKR"]
[Date "1993.??.??"]
[Round "?"]
[White "Guliev, Sarhan"]
[Black "Rogozenco, Dorian"]
[Result "1/2-1/2"]
[WhiteElo "2485"]
[BlackElo "2480"]
[EventDate "1993.03.??"]
[PlyCount "71"]

1.d4 Nf6 2.c4 g6 3.Nc3 d5 4.Nf3 Bg7 5.Bg5 dxc4 6.e4 c5 7.Bxc4 cxd4 8.Qxd4 
Qxd4 9.Nxd4 Nxe4 10.Nxe4 Bxd4 11.O-O-O Nc6 12.Bd5 Bb6 13.Rhe1 Be6 14.Bxe6 
fxe6 15.Bh6 e5 16.f4 Ba5 17.Re2 Nd4 18.Nd6+ exd6 19.Rxd4 O-O-O 20.fxe5 
dxe5 21.Rc4+ Kb8 22.Bg7 Rhe8 23.Bxe5+ Ka8 24.Rce4 Rc8+ 25.Kb1 b5 26.Bg3 
Rxe4 27.Rxe4 Bc7 28.Re7 Bxg3 29.hxg3 Rf8 30.Kc2 Rf2+ 31.Kc3 Rxg2 32.a3 
Rxg3+ 33.Kb4 Rf3 34.Rxh7 Rf6 35.Kxb5 Rb6+ 36.Kc4 1/2-1/2